Statistics for The COVID-19 Pandemic Quiz

Click here to take the quiz!

General Stats

  • This quiz has been taken 321 times
    (171 since last reset)
  • The average score is 13 of 19

Answer Stats

HintAnswer% Correct
Country in which COVID-19 was first detectedChina
100%
City in that country which had the first major COVID-19 outbreakWuhan
94%
European country which had the first major COVID-19 outbreakItaly
90%
Country which currently has the highest number of COVID-19 cases and deathsUnited States of America
89%
Animals widely considered to have been the original vector for COVID-19Bats
87%
Online video conferencing platform that has become widely used by non-essential businesses and educational institutionsZoom
80%
Name one of three major companies that developed COVID-19 vaccines currently being distributed across Europe and North AmericaPfizer | Moderna | AstraZeneca-Oxford
79%
Distance recommended by experts to prevent person-to-person spread of the virus{6} feet ({1.8} meters)
77%
Articles of clothing that are known to prevent the spread of COVID-19 and have become widely politicizedMasks
75%
Prime Minister who became the first major world leader to become infected with COVID-19 on March 27th, 2020Boris Johnson
70%
Streaming service that rose in popularity due to lockdowns, gaining 10 million subscribers between April and June 2020Netflix
65%
Asian country praised for its successful mitigation efforts in response to a major outbreak in late February 2020South Korea
65%
Countries that have not reported any confirmed COVID-19 cases yetNorth Korea | Turkmenistan | Kiribati | Tonga | Palau | Nauru | Tuvalu
62%
Name one other disease known to be caused by coronavirusesSARS | MERS | Common Cold
61%
UN organization led by Tedros Adhanom Ghebreyesus that has coordinated the global response to the pandemicWorld Health Organization
52%
"Corona" means ____ in Spanish, referencing the spike proteins found outside the membrane of the virusCrown
47%
Director of the National Institute of Allergy and Infectious Disease in the above country, who has received widespread name recognition due to his response to the pandemicDr. Anthony Fauci
47%
Proteins created by the immune system that are frequently used in COVID-19 testingAntibodies
33%
Whistleblowing doctor in the above city who attempted to alert authorities to COVID-19 before succumbing to it himselfLi Wenliang
10%

Score Distribution

Percentile by Number Answered

Percent of People with Each Score

Your Score History

You have not taken this quiz since the last reset